| 000 | 00551nam a2200217Ia 4500 | ||
|---|---|---|---|
| 003 | OSt | ||
| 005 | 20230502143724.0 | ||
| 008 | 210423s2014 xx 000 0 und d | ||
| 020 | _a978-953-51-0035-5 | ||
| 040 | _cAL | ||
| 041 | _aeng | ||
| 082 |
_a530.143 _223 _bKETA |
||
| 100 |
_aKETOV (Sergey) _996097 |
||
| 245 | _aAdvances in quantum field theory | ||
| 260 |
_aCroatia _bIntech _c2014 |
||
| 300 |
_avi,230 _bHB |
||
| 365 |
_b7871.25 _cINR |
||
| 650 |
_aPhysics _996098 |
||
| 906 | _aAdvances ; field ; quantum ; theory | ||
| 942 |
_2ddc _cBK |
||
| 999 |
_c170666 _d170666 |
||